000 00766cac a2200253 a 4500
003 Co-PeBPM
005 20250703141028.0
008 231129e1996||||ck |||||||||||||| ||spa||
020 _a9589093175
040 _aCo-PeBPM
_bspa
_cCo-PeBPM
_erda
041 _aspa
082 0 4 _a501 K96e
_222
100 1 0 _aKuhn, Thomas S.
_eautor
245 1 0 _aLa estructura de las revoluciones cientí­ficas
_c/ Thomas S. Kuhn
260 _aBogotá, Colombia
_b: Fondo de Cultura Económica
_c, 1996
300 _a319 páginas
_c; 17 Centímetros
500 _aIncluye Índice.
650 1 4 _aCiencia
_2LEMB
650 1 4 _aFilosofía
_2LEMB
650 1 4 _aHistoria
_2LEMB
650 1 4 _aAvances científicos
_2LEMB
700 _aContín, Agustín
_eTraducción
942 _2ddc
_cBK
999 _c17050
_d17050